Statistics for Biggest African Cities by Letter

Click here to take the quiz!

General Stats

  • This quiz has been taken 392 times
  • The average score is 14 of 26

Answer Stats

LetterPopulationCity% Correct
C21,000,000Cairo
99%
J13,900,000Johannesburg
97%
L19,400,000Lagos
97%
A5,800,000Alexandria
94%
K12,400,000Kinshasa
94%
N5,900,000Nairobi
92%
D6,450,000Dar es Salaam
91%
H2,050,000Harare
78%
T2,675,000Tunis
75%
B3,525,000Bamako
74%
M2,275,000Maputo
74%
Y3,450,000Yaoundé
71%
I3,575,000Ibadan
66%
R2,050,000Rabat
66%
F1,790,000Freetown
65%
O2,625,000Ouagadougou
63%
P2,350,000Port Harcourt
52%
S1,140,000Sousse
19%
E1,000,000Enugu
17%
Z1,000,000Zaria
14%
W1,000,000Warri
13%
G2,000,000Goma
12%
X116,000Xai-Xai
9%
U436,000Uyo
7%
V769,000Vereeniging
5%
Q230,400Qena
4%

Score Distribution

Percentile by Number Answered

Percent of People with Each Score

Your Score History

You have not taken this quiz